000 01672nam a2200457 i 4500
001 543
003 KOSZ 005
005 20200127113634.0
008 200127s1974 pl a f f 001 0 pol
015 _aPB 1974/8836
035 _a991032639239705066
035 _a(PL-WaBN)b18755185-48omnis_nlop
035 _ab18755185
035 _a(OCoLC)838956020
035 _a(PL)b0000001875518
035 _a(EXLNZ-48OMNIS_NETWORK)9910170067205606
040 _aWA N
_cWA N
_dKOSZ 005/RW
046 _k1974
080 _a624.1
100 1 _aRossiński, Bolesław
_d(1903-1995)
_eAutor
245 1 0 _aFundamentowanie /
_cBolesław Rossiński.
260 _aWarszawa :
_b"Arkady",
_c1974.
300 _a411, [1] stron :
_bilustracje ;
_c25 cm.
336 _aTekst
_btxt
_2rdacontent
337 _aBez urządzenia pośredniczącego
_bn
_2rdamedia
338 _aWolumin
_bnc
_2rdacarrier
380 _aKsiążki
380 _aPublikacje fachowe
380 _aPublikacje dydaktyczne
388 _a1901-2000
504 _aBibliografia przy rozdziałach.
521 8 _aPraca jest podręcznikiem akademickim przeznaczonym dla studentów wydziałów budowlanych wyższych szkół technicznych. Może ona również być pomocna inżynierom projektującym i wykonującym konstrukcje fundamentowe.
650 7 _aFundamenty
_2DBN
650 7 _aGeotechnika
655 7 _aPodręczniki akademickie
_2DBN
658 _aArchitektura i budownictwo
710 2 _aWydawnictwo Arkady
_4pbl
856 _uhttp://koha.tu.koszalin.pl/cgi-bin/koha/opac-detail.pl?biblionumber=543
_yKatalog online BPK
942 _2UKD
_cKS
999 _c543
_d543